00555cam a22002051 4500001001300000003000400013005001700017008004100034010001700075025001900092035001900111040001800130042001200148050001900160100005200179245003100231260004400262300001800306651002500324sa 64000020 DLC20260227111953.0820409s1963 ii 000 0 eng  asa 64000020  aPL480:I-E-1623 a(OCoLC)8326065 aDLCcViUdDLC apremarc00aDS421.5b.R1851 aRajagopalachari, C.q(Chakravarti),d1878-1972.10aOur culture;b[3 lectures] aBombay,bBharatiya Vidya Bhavan,c1963. a51 p.c19 cm. 0aIndiaxCivilization.